LEADER 00816nas a2200229 i 4500 001 000000336073 003 CaOOAMICUS 005 20190820143334.0 008 190820s2018 it tr p u0 0ita r 013 $a238145 040 $aSeMil$bita 245 10$a2018 : Agosto. 260 $aGenova :$bErga,$ccopyr. 2018. 300 $aP. 196-297 :$btabelle ;$c21 cm. 500 $aContiene : Summaries = Riassunti [in inglese]. 773 0 $tQuaderni di Scienza Politica.$dMilano : Giuffrè, 1994.$x1124-7959$w()2666 850 $aSeMil 852 $aSeMil$W1$xVenegono$y1$m198 4 94$j215389$B227902$CSeMilBibl$Z2$F227902 $85 961 $aAbbonamento: Erga 996 $6245$a2018 : Agosto$9(OLS)http://semarc/title/425376 996 $6260$aGenova :$bErga$9(OLS)http://semarc/publisher/31955 LEADER 00811nam a2200217 i 4500 001 000000057566 003 CaOOAMICUS 005 19971010000000.0 008 971010n it u000 u ita u 013 $a28738 020 $a8806585290 040 $aSeMil$bita 245 10$aInsediamenti e territorio. 650 4$aItalia - Territorio.$0(OLS)http://semarc/subject/11601 700 1 $aDe Seta, Cesare,$d<1941- >.$0(OLS)http://semarc/name/19477 773 0 $tStoria d'Italia. Annali.$dTorino : Einaudi, 1978.$g8$w()1589 850 $aSeMil 852 $aSeMil$W1$xVenegono$y1$mSL1.H V 14$j23720$B23720$CSeMilBibl$Z2$F23722 $8I 961 $aSottoscrizione: Einaudi (Agente) 996 $6020$a8806585290$9(OLS)http://semarc/number/32947 996 $6245$aInsediamenti e territorio.$9(OLS)http://semarc/title/89611